| 000 | 00370nam a2200109Ia 4500 | ||
|---|---|---|---|
| 008 | 171211s9999 xx 000 0 und d | ||
| 245 | _aMathematics for Dyslexics and Dyscalculics: A Teaching Handbook, 4th Edition | ||
| 245 | _cRichard Edmund Ashcroft and Steve Chinn | ||
| 260 | _c2017 | ||
| 650 | _xPSYCHOLOGY | ||
| 856 | _uhttp://down.ebook777.com/062/9781119159964.pdf | ||
| 999 |
_c349265 _d349265 |
||